[Event "6th Prospero A Pichay Cup"]
[Site "Manila PHI"]
[Date "2010.08.25"]
[Round "7"]
[White "Caturla,C"]
[Black "Bhagwat,V"]
[Result "1-0"]
[WhiteElo "2250"]
[BlackElo "2175"]

1.c4 c6 2.b3 d5 3.Bb2 Nf6 4.Nf3 Bf5 5.e3 e6 6.Be2 Nbd7 7.d3 Bd6 8.Nh4 Bg6
9.Nd2 e5 10.Qc2 Qe7 11.h3 a5 12.a3 O-O 13.Nxg6 fxg6 14.O-O e4 15.cxd5 cxd5
16.dxe4 Rac8 17.Qd1 dxe4 18.Nc4 Bc7 19.a4 Rfd8 20.Qc2 Ne5 21.Rfd1 g5 22.Rxd8+ Rxd8
23.Rd1 Rxd1+ 24.Qxd1 h6 25.Qc2 Kh7 26.Nd2 Kh8 27.Nxe4 Nxe4 28.Qxe4 Bd6 29.Qd5 b6
30.g3 Bc7 31.Bd4 Qf7 32.Qb7  1-0

[Event "6th Prospero A Pichay Cup"]
[Site "Manila PHI"]
[Date "2010.08.25"]
[Round "7"]
[White "Gomez,Joh"]
[Black "Yu Lie"]
[Result "1-0"]
[WhiteElo "2527"]
[BlackElo "2447"]

1.c4 c6 2.e4 d5 3.exd5 cxd5 4.cxd5 Nf6 5.Nc3 Nxd5 6.Nf3 Nc6 7.Bb5 e6 8.O-O Be7
9.d4 O-O 10.Qe2 a6 11.Bxc6 Nxc3 12.bxc3 bxc6 13.Ne5 Qc7 14.Bf4 Bd6 15.c4 c5
16.dxc5 Qxc5 17.Rab1 f6 18.Nd3 Qc6 19.Bxd6 Qxd6 20.c5 Qd5 21.Rfc1 a5 22.Nf4 Qf5
23.Qf3 Ra7 24.c6 Rc7 25.Rb6 Rd8 26.a4 Rd4 27.g3 g5 28.Qc3 Rd6 29.Rb5 Rdxc6
30.Qxc6 Rxc6 31.Rxc6 e5 32.Rc7 Bd7 33.Nd5 Kf8 34.Rb8+ Kf7 35.Rbb7 Qe4 36.Rxd7+ Ke6
37.Ne3 Qxa4 38.Rxh7 Qc6 39.Rhe7+ Kd6 40.Rbd7+ Qxd7 41.Rxd7+ Kxd7 42.Nc4  1-0

[Event "46th Akiba Rubinstein Open A"]
[Site "Polanica Zdroj POL"]
[Date "2010.08.25"]
[Round "7"]
[White "Dzieczkaniec,P"]
[Black "Litwin,J"]
[Result "0-1"]
[WhiteElo "1994"]
[BlackElo "2189"]

1.c4 c6 2.Nf3 d5 3.e3 Nf6 4.Be2 Bf5 5.Qb3 Qc7 6.Nc3 e6 7.cxd5 exd5 8.Nd4 Bg6
9.f4 Nbd7 10.Qd1 c5 11.Ndb5 Qb8 12.g4 d4 13.g5 dxc3 14.gxf6 c2 15.O-O cxd1=Q
16.Rxd1 Nxf6 17.d4 a6 18.dxc5 Bxc5 19.b4 Bxb4 20.Bb2 axb5 21.Bxb5+ Kf8 22.Rac1 h5
23.a4 Kg8 24.Be5 Qa7 25.Bd4 b6 26.Rc6 Bc5 27.Bxf6 Bxe3+ 28.Kf1 gxf6 29.Rxf6 Qe7
30.Rfd6 Qh4 31.Rxg6+ fxg6  0-1

[Event "1st Fermo Festival"]
[Site "Porto San Giorgio ITA"]
[Date "2010.08.25"]
[Round "5"]
[White "Meijers,V"]
[Black "Prohaszka,P2"]
[Result "1/2-1/2"]
[WhiteElo "2474"]
[BlackElo "2526"]

1.c4 c6 2.Nf3 d5 3.b3 Bf5 4.Bb2 e6 5.e3 Nf6 6.Be2 h6 7.O-O Nbd7 8.Nc3 Bd6
9.d3 Bh7 10.Rc1 O-O 11.Re1 Qe7 12.Bf1 e5 13.cxd5 cxd5 14.Nb5 Bb4 15.Re2 a6
16.a3 Ba5 17.b4 Bb6 18.Nc3 e4 19.Ne1 Ne5 20.Rd2 Rad8 21.Qb3 Neg4 22.Na4 Qd6
23.g3 Nxe3 24.Nxb6 Nxf1 25.Kxf1 Qxb6 26.dxe4 dxe4 27.Rcd1 Rxd2 28.Rxd2 Bf5
29.Ng2 Rd8 30.Rxd8+ Qxd8 31.Ne3 Bh3+ 32.Ke1 Be6 33.Qc2 b5 34.h4 h5 35.Qc3 Ne8
36.Qe5 Qd3 37.Qb8 Qb1+ 38.Nd1 Bg4 39.Qxe8+ Kh7 40.Qd8 Bxd1 41.Qxd1 Qxb2 42.Qxh5+ Kg8
43.Qd5 Qc3+ 44.Kf1 Qf3 45.Ke1 Kh7 46.Qe5 g6 47.Kf1 Qh1+ 48.Ke2 Qf3+ 49.Kf1 Qh1+
50.Ke2 Qf3+ 51.Kf1  1/2-1/2

[Event "Centenary GM"]
[Site "Dun Laoghaire IRL"]
[Date "2010.08.26"]
[Round "6"]
[White "Rochev,Y"]
[Black "Astaneh Lopez,A"]
[Result "0-1"]
[WhiteElo "2395"]
[BlackElo "2367"]

1.c4 c6 2.e4 d5 3.cxd5 cxd5 4.exd5 Nf6 5.Qa4+ Nbd7 6.Nc3 a6 7.Nf3 Rb8 8.Qf4 b5
9.Nd4 Qb6 10.Nc6 Nxd5 11.Nxd5 Qxc6 12.Ne3 e6 13.Be2 Bd6 14.Qh4 O-O 15.O-O Ne5
16.d3 Ng6 17.Qe4 Qc7 18.h3 Nf4 19.Re1 Bb7 20.Qd4 Rfd8 21.Qc3 Qe7 22.Bd2 Rbc8
23.Qa5 Qg5 24.Ng4 h5 25.Bxf4 Bxf4 26.Qb6 Ba8 27.Qxa6 hxg4 28.Bxg4 Rc2 29.a4 Qc5
30.Rf1 Bg3 31.Qxb5 Rxf2  0-1

[Event "ch-RUS Higher League"]
[Site "Irkutsk RUS"]
[Date "2010.08.26"]
[Round "1"]
[White "Rakhmanov,Ale"]
[Black "Ginzburg,Y"]
[Result "1-0"]
[WhiteElo "2590"]
[BlackElo "2406"]

1.c4 c6 2.e4 d5 3.exd5 cxd5 4.cxd5 Qxd5 5.Nc3 Qd8 6.d4 e6 7.Bc4 Nf6 8.Nge2 Be7
9.O-O O-O 10.a3 Nc6 11.Qd3 b6 12.Rd1 Bb7 13.Qh3 Na5 14.Ba2 Rc8 15.Nf4 Bd5
16.Nfxd5 Nxd5 17.Nxd5 exd5 18.Qh5 Nc4 19.Rd3 g6 20.Qh6 f5 21.Bf4 Bf6 22.Be5 Qd7
23.Re1 Qg7 24.Qf4 Rfe8 25.g3 Nxe5 26.dxe5 Rxe5 27.Rxe5 Bxe5 28.Rxd5  1-0

[Event "TCh-ESP CECLUB Honor"]
[Site "Sestao ESP"]
[Date "2010.08.26"]
[Round "4"]
[White "Sargissian,G"]
[Black "Negi,P"]
[Result "1/2-1/2"]
[WhiteElo "2673"]
[BlackElo "2615"]

1.c4 c6 2.d4 d5 3.Nc3 Nf6 4.e3 g6 5.Nf3 Bg7 6.Be2 O-O 7.O-O a6 8.a4 a5 9.cxd5 cxd5
10.b3 Ne4 11.Bb2 Nxc3 12.Bxc3 Nc6  1/2-1/2

[Event "1st Fermo Festival"]
[Site "Porto San Giorgio ITA"]
[Date "2010.08.27"]
[Round "7"]
[White "Panjkovic,A"]
[Black "Popa,Cl"]
[Result "1/2-1/2"]
[WhiteElo "2121"]
[BlackElo "2211"]

1.c4 c6 2.g3 d5 3.Bg2 g6 4.cxd5 cxd5 5.Qa4+ Nc6 6.Nc3 Nf6 7.Nf3 Bg7 8.Ne5 Qd6
9.d4 Qb4 10.Qb5 a6 11.Nxc6 Qxb5 12.Nxb5 axb5 13.Nb4 e6 14.Bf4 Nd7 15.e3 Bf8
16.Nd3 Be7 17.O-O g5 18.Bc7 O-O 19.e4 dxe4 20.Bxe4 Ra4 21.b4 Nf6 22.Bg2 Nd5
23.Bxd5 exd5 24.Rfe1 Be6 25.Bb6 Rfa8 26.Nc5  1/2-1/2

[Event "9th Georgiev-Kesarovski Mem"]
[Site "Sunny Beach BUL"]
[Date "2010.08.28"]
[Round "1"]
[White "Ermenkov,Evgenij"]
[Black "Ninov,D"]
[Result "1-0"]
[WhiteElo "2431"]
[BlackElo "2020"]

1.c4 c6 2.d4 d5 3.Bf4 Qb6 4.e3 Qxb2 5.Nd2 Bf5 6.Qc1 Qxc1+ 7.Rxc1 e6 8.Ngf3 h6
9.Be2 a5 10.c5 Nf6 11.O-O Na6 12.a3 Nd7 13.Rc3 a4 14.Rfc1 f6 15.Nh4 Bh7 16.Bh5+ Kd8
17.Ng6 Rg8 18.Nxf8 Nxf8 19.Be2 Nd7 20.Bd6 Nc7 21.f3 e5 22.dxe5 Nxe5 23.f4 Nf7
24.Bxc7+ Kxc7 25.Nf3 Nd8 26.Nd4 Re8 27.f5 Re5 28.g4 h5 29.h3 hxg4 30.hxg4 g6
31.Kf2 gxf5 32.Rh1 Re7 33.gxf5 Rc8 34.Rh6 Rg7 35.Rxf6 Rf7 36.Rxf7+ Nxf7 37.Rc1 Bg8
38.Rg1 b6 39.Ne6+ Kd7 40.cxb6 Ne5 41.Nc5+ Kd6 42.Na6 Rf8 43.b7 Nd7 44.Rg6+ Ke5
45.Rxc6 Rxf5+ 46.Ke1 Rg5 47.Rc7 Be6 48.Rxd7  1-0

[Event "TCh-SUI 2010"]
[Site "Switzerland SUI"]
[Date "2010.08.28"]
[Round "6.1"]
[White "Zueger,B"]
[Black "Khenkin,I"]
[Result "1/2-1/2"]
[WhiteElo "2425"]
[BlackElo "2590"]

1.c4 c6 2.Nf3 d5 3.e3 Nf6 4.Nc3 e6 5.b3 Bd6 6.d4 Nbd7 7.Be2 O-O 8.O-O b6
9.Bb2 Bb7 10.Bd3 c5 11.cxd5 exd5 12.Qe2 a6 13.Rfd1 Re8 14.Rac1 Qe7 15.Bf5 Rad8
16.Bxd7 Nxd7 17.dxc5 Nxc5 18.Nd4 Bb8 19.g3 Ne6 20.Na4 b5 21.Nxe6 fxe6 22.Nc5 Bc8
23.e4 Ba7 24.b4 Qg5  1/2-1/2

[Event "1st Campomanes Memorial Cup Open"]
[Site "Manila PHI"]
[Date "2010.08.29"]
[Round "2"]
[White "Gonzales,Jay"]
[Black "Kazhgaleyev,M"]
[Result "0-1"]
[WhiteElo "2435"]
[BlackElo "2619"]

1.c4 c6 2.Nf3 d5 3.d4 Nf6 4.Qc2 dxc4 5.Qxc4 Bg4 6.Nc3 Nbd7 7.Bf4 Bxf3 8.gxf3 g6
9.Rd1 Bg7 10.e4 O-O 11.Qb3 Nh5 12.Be3 Qc7 13.e5 Kh8 14.Ne4 f6 15.Rg1 fxe5
16.Bg5 exd4 17.Rxd4 Bxd4  0-1

[Event "1st Fermo Festival"]
[Site "Porto San Giorgio ITA"]
[Date "2010.08.29"]
[Round "9"]
[White "Meijers,V"]
[Black "Salvador,R"]
[Result "1/2-1/2"]
[WhiteElo "2474"]
[BlackElo "2498"]

1.c4 c6 2.e4 d5 3.exd5 cxd5 4.d4 Nf6 5.Nc3 Nc6 6.Bg5 Be6 7.Qd2 h6 8.Bxf6 exf6
9.cxd5 Bxd5 10.Nge2 Bb4 11.Nf4  1/2-1/2

[Event "9th Georgiev-Kesarovski Mem"]
[Site "Sunny Beach BUL"]
[Date "2010.08.29"]
[Round "2"]
[White "Vakalopoulos,H"]
[Black "Nadrchal,T"]
[Result "1/2-1/2"]
[WhiteElo "1757"]
[BlackElo "2010"]

1.c4 c6 2.e4 d5 3.exd5 cxd5 4.cxd5 Nf6 5.Nc3 Nxd5 6.Bc4 Nb6 7.Bb3 Nc6 8.Nf3 g6
9.d4 Bg7 10.Be3 O-O 11.h3 Nb4 12.O-O N4d5 13.Qd2 Bf5 14.Bh6 Rc8 15.Rfe1 Re8
16.Bxg7 Kxg7 17.Re5 Nxc3 18.bxc3 Nc4 19.Bxc4 Rxc4 20.Rxf5 gxf5 21.Qg5+ Kh8
22.Ne5 Qd5 23.Qxf5 Rd8 24.Qxf7 Rxc3 25.Qxe7 Kg8 26.Qg5+ Kf8 27.Qf6+ Kg8 28.Qg5+  1/2-1/2

[Event "TCh-SRB 1st League"]
[Site "Vrnjacka Banja SRB"]
[Date "2010.08.29"]
[Round "9"]
[White "Barlov,D"]
[Black "Solak,D"]
[Result "1/2-1/2"]
[WhiteElo "2493"]
[BlackElo "2567"]

1.c4 c6 2.Nf3 d5 3.e3 Bg4 4.cxd5 Bxf3 5.Qxf3 cxd5 6.Bb5+ Nc6 7.b3 Rc8 8.Bb2 e6
9.O-O Nf6 10.Rc1 Bd6 11.Bxc6+ bxc6 12.Nc3 O-O 13.Na4 e5 14.Rc2 Nd7 15.Rac1 Nb8
16.e4 d4 17.Qd3 Rc7 18.a3 f6 19.b4 Re8 20.h3 Re6 21.b5 cxb5 22.Rxc7 Bxc7
23.Qxb5  1/2-1/2

[Event "TCh-SRB 1st League"]
[Site "Vrnjacka Banja SRB"]
[Date "2010.08.29"]
[Round "9"]
[White "Damljanovic,B"]
[Black "Miljkovic,Mir1"]
[Result "1/2-1/2"]
[WhiteElo "2541"]
[BlackElo "2510"]

1.c4 c6 2.d4 d5 3.Nc3 Nf6 4.e3 e6 5.Bd2 g6 6.Nf3 Bg7 7.Bd3 O-O 8.O-O Nbd7
9.Rc1 Re8 10.Qc2 a6 11.Rfd1 Qe7 12.Be2 h6 13.Be1 Nh7 14.b4 b6 15.e4 dxe4
16.Nxe4 f5 17.Nc3 Bb7 18.c5 b5 19.g3 g5 20.Bf1 Nhf8 21.Bg2 Ng6 22.Nd2 Nf6
23.Nb3 Rac8 24.Bd2 Qf7 25.Re1 Nd5 26.a3 Rcd8 27.Re2 Re7 28.Rce1 Rde8 29.Na5 Ba8
30.Nb3 Bb7 31.Na5 Ba8 32.Nxd5 exd5 33.Bc3 Re4 34.Qd1 Rxe2 35.Rxe2 Nf8 36.Rxe8 Qxe8
37.Qd3 Qe6 38.f3 Nd7 39.Bf1 Nf6 40.Qe2 Kf7 41.Qe5 Ne8 42.Qxe6+ Kxe6 43.Bd3 Bf6
44.Kf2 Bd8 45.Nb3 Bc7 46.Bd2 Kf6 47.Bc2 Ng7 48.Nc1 Ne6 49.Bc3 Bb7 50.Nd3 Bc8
51.a4 Bd7 52.axb5 axb5 53.Ne1 Be8 54.Bd3 Bg6 55.Ke2 h5 56.Kf1 h4 57.Kg2 Bb8
58.Be2 Bc7 59.Nd3 hxg3 60.hxg3 Bb8 61.Nc1 Bc7 62.Nb3 Be8  1/2-1/2

[Event "17th Open A"]
[Site "Graz AUT"]
[Date "2010.09.01"]
[Round "5"]
[White "Loebler,H"]
[Black "Stagl,M"]
[Result "1/2-1/2"]
[WhiteElo "2167"]
[BlackElo "2106"]

1.c4 c6 2.e4 d5 3.cxd5 cxd5 4.exd5 Nf6 5.Qa4+ Nbd7 6.Nc3 g6 7.Bc4 Bg7 8.d3 O-O
9.Nf3 Nc5 10.Qa3 b6 11.O-O Bb7 12.d4 Nce4 13.Nxe4 Nxe4 14.Re1 Nd6 15.Bb3 Nf5
16.Bg5 Bf6 17.Bxf6 exf6 18.h3 Bxd5 19.Bxd5 Qxd5 20.Qb3 Rfd8 21.Qxd5 Rxd5
22.Rad1  1/2-1/2

[Event "7th Malaysia Open"]
[Site "Kuala Lumpur MAS"]
[Date "2010.09.01"]
[Round "1"]
[White "Deshmukh,A"]
[Black "Lee Kah Meng Elgin"]
[Result "1-0"]
[WhiteElo "2326"]
[BlackElo "1918"]

1.c4 c6 2.Nc3 d5 3.cxd5 cxd5 4.d4 Nc6 5.Bf4 Nf6 6.e3 Bf5 7.Nf3 e6 8.Bb5 Be7
9.Ne5 Qb6 10.Qa4 Rc8 11.O-O O-O 12.Nxc6 bxc6 13.Ba6 Rcd8 14.b3 Nh5 15.Bg3 Nxg3
16.hxg3 c5 17.Ne2 c4 18.bxc4 Bd3 19.Rfe1 Qb4 20.Qd1 Qa3 21.Nf4 dxc4 22.Nxd3 cxd3
23.Bxd3 Rb8 24.Bc4 Rfc8 25.Bb3 Bb4 26.Rf1 Qa5 27.g4 Rc7 28.Qf3 Qg5 29.g3 Rbc8
30.Kg2 g6 31.Rh1 Kg7 32.Rad1 Bd6 33.Qe2 Rc3 34.Rh4 Rc1 35.Rxc1 Rxc1 36.Qd2 Rc7
37.f4 Qe7 38.e4 Bb4 39.Qd1 Qd8 40.d5 exd5 41.Qd4+ Qf6 42.Rxh7+  1-0

[Event "9th Georgiev-Kesarovski Mem"]
[Site "Sunny Beach BUL"]
[Date "2010.09.01"]
[Round "5"]
[White "Vakalopoulos,H"]
[Black "Somova,N"]
[Result "0-1"]
[WhiteElo "1757"]
[BlackElo "1968"]

1.c4 c6 2.e4 d5 3.exd5 cxd5 4.cxd5 Nf6 5.Nc3 g6 6.Bc4 Bg7 7.Nf3 O-O 8.O-O Nbd7
9.d6 exd6 10.d4 Nb6 11.Bb3 d5 12.Bg5 h6 13.Bf4 Nh5 14.Be3 Nc4 15.Bxc4 dxc4
16.Ne5 Be6 17.Qe2 Rc8 18.a4 Kh7 19.Rfd1 Nf6 20.Rac1 a6 21.f3 Nd5 22.Nxd5 Qxd5
23.f4 b5 24.axb5 axb5 25.Qe1 Qe4 26.Kh1 f6 27.Nf3 Bg4 28.Qf2 Rfe8 29.Re1 Bxf3
30.gxf3 Qd5 31.Bd2 f5 32.Be3 Re7 33.Re2 Rce8 34.Rd1 b4 35.Rdd2 c3 36.bxc3 bxc3
37.Rc2 Qc4 38.Qe1 Bxd4  0-1

[Event "7th Malaysia Open"]
[Site "Kuala Lumpur MAS"]
[Date "2010.09.02"]
[Round "2"]
[White "Nguyen Van Huy"]
[Black "Yee Soon Wei"]
[Result "1-0"]
[WhiteElo "2429"]
[BlackElo "2303"]

1.c4 c6 2.Nf3 d5 3.e3 Nf6 4.Nc3 e6 5.b3 Nbd7 6.Bb2 Bd6 7.Qc2 O-O 8.Be2 Qe7
9.O-O Re8 10.d4 b6 11.Rfe1 Bb7 12.Rad1 Rad8 13.Bf1 c5 14.cxd5 exd5 15.Qb1 a6
16.dxc5 bxc5 17.Ne2 Ne4 18.Ng3 Nxg3 19.hxg3 Ne5 20.Nxe5 Bxe5 21.Bxe5 Qxe5
22.b4 c4 23.Rd4 Bc6 24.Qc1 Rb8 25.a3 a5 26.Qc3 Qe7 27.Rb1 axb4 28.axb4 Rb5
29.e4 dxe4 30.Rxc4 Bd7 31.Rc7 Rb6 32.Qe3 Rd6 33.b5 Qd8 34.b6 Bf5 35.Ra7 Rd3
36.Bxd3 exd3 37.Qxe8+ Qxe8 38.b7  1-0

[Event "7th Malaysia Open"]
[Site "Kuala Lumpur MAS"]
[Date "2010.09.02"]
[Round "2"]
[White "Xiu,D"]
[Black "Lane,G"]
[Result "1-0"]
[WhiteElo "2521"]
[BlackElo "2373"]

1.c4 c6 2.Nf3 d5 3.g3 Nf6 4.Bg2 e6 5.b3 Nbd7 6.Bb2 Bd6 7.d4 O-O 8.Nbd2 b6
9.O-O Bb7 10.Qc2 c5 11.cxd5 exd5 12.dxc5 bxc5 13.Nh4 Re8 14.Rfe1 Be5 15.Bxe5 Rxe5
16.Rad1 Qb6 17.Bh3 g6 18.e4 Re7 19.exd5 Rxe1+ 20.Rxe1 Bxd5 21.Ng2 Qb4 22.Nf4 Bc6
23.Bf1 Qd4 24.Nc4 Be4 25.Qe2 Qc3 26.Nd6 Bc6 27.Qe7 Rf8 28.Qe3 Qxe3 29.Rxe3 Ng4
30.Rc3 Nge5 31.Bg2 Kg7 32.Bxc6 Nxc6 33.Nd3 Nd4 34.Kg2 Ne6 35.Ne4 Rc8 36.Rc4 Rc7
37.Nb2 f5 38.Nd2 Nb6 39.Rc1 Rd7 40.Ndc4 Nxc4 41.Nxc4 Kf6 42.h4 h6 43.Re1 Rd8
44.Re2 f4 45.Re4 g5 46.hxg5+ hxg5 47.gxf4 Nxf4+ 48.Kf3 Rd3+ 49.Kg4 Ng6 50.Re8 Rc3
51.Ra8 Rc2 52.Rxa7 Nf4 53.Ra6+ Ne6 54.Kf3 Ke7 55.Ne5 Rb2 56.Nd3 Rc2 57.Ke4 c4
58.bxc4 Rxc4+ 59.Ke5 Nc7 60.Ra7 Kd8 61.Kf5 Rd4 62.Ra3 Rd5+ 63.Ke4 Rb5 64.Ne5 Rb4+
65.Kf3 Rf4+ 66.Kg3 Rf5 67.Rd3+ Ke8 68.Nc4 Ke7 69.a4 Na6 70.Rd4 Nc5 71.Ne3 Rf8
72.a5 Rc8 73.Rd5 Ke6 74.Kg2 Ne4 75.Kf3 Nc3 76.Rxg5 Rf8+ 77.Kg2 Ne4 78.Rg6+ Kd7
79.Ng4 Kc7 80.Re6 Nc5 81.Re5 Kd6 82.Re3 Ra8 83.Ra3 Kc6 84.f4 Kb5 85.f5 Nd7
86.Rb3+ Kc6 87.Rc3+ Kb7 88.Ra3 Ka6 89.Kf3 Rb8 90.Rd3 Nc5 91.Rd5 Kb5 92.Ne5 Rh8
93.Nd7 Kc6 94.Rxc5+ Kxd7 95.Kg4  1-0

[Event "ch-RUS Higher League w"]
[Site "St Petersburg RUS"]
[Date "2010.09.02"]
[Round "8"]
[White "Kovalevskaya,E"]
[Black "Girya,O"]
[Result "0-1"]
[WhiteElo "2447"]
[BlackElo "2376"]

1.c4 c6 2.Nf3 d5 3.e3 Nf6 4.Nc3 e6 5.Qc2 Nbd7 6.d4 Bd6 7.b3 O-O 8.Bd3 b6
9.O-O Bb7 10.Bb2 Qe7 11.Rae1 h6 12.e4 dxe4 13.Nxe4 Nxe4 14.Bxe4 Rfd8 15.Qe2 Rab8
16.Bb1 Nf8 17.Qc2 Ba3 18.Ba1 Qf6 19.Bc3 Qe7 20.Re3 Bd6 21.Ne5 Qc7 22.Rfe1 c5
23.dxc5 Bxc5 24.Rg3 Bd4 25.Ng4 Qf4 26.Bb4 f5 27.Bxf8 Kxf8 28.Ne3 Rd6 29.Qe2 Rbd8
30.Qh5 Bf6 31.Rf1 Bh4 32.Rh3 Bg5 33.Qg6 Bf6 34.Rg3 Rd2 35.Qh7 Qd4 36.Qh8+ Kf7
37.Qh7 Be4 38.Bxe4 Qxe4 39.Qg6+ Kf8 40.Rf3 Rxa2 41.h3 Rb2 42.Ng4 Bd4 43.Kh2 a5
44.Qh7 Re2 45.Nxh6 Be5+ 46.Kh1 gxh6 47.Rg3 Bxg3 48.Qxh6+ Ke8 49.Qh8+ Kd7
50.Rd1+ Kc6  0-1

[Event "9th Georgiev-Kesarovski Mem"]
[Site "Sunny Beach BUL"]
[Date "2010.09.02"]
[Round "6"]
[White "Spiridonov,Niko1"]
[Black "Dimitrov,R"]
[Result "0-1"]
[WhiteElo "2359"]
[BlackElo "2380"]

1.c4 c6 2.Nf3 d5 3.b3 Nf6 4.g3 Bf5 5.Bb2 e6 6.Bg2 Be7 7.O-O O-O 8.d3 h6 9.Nbd2 Nbd7
10.Rc1 a5 11.a3 Bh7 12.Rc2 Nc5 13.Ne5 Bd6 14.Qa1 a4 15.b4 Nb3 16.Qd1 d4 17.Nef3 Nxd2
18.Nxd2 e5 19.Re1 Bc7 20.Nf3 Re8 21.Rd2 c5 22.e4 Qe7 23.Qa1 cxb4 24.axb4 Qxb4
25.Rb1 Qc5 26.Ba3 Qa7 27.Rdb2 b6 28.Rb5 Qa6 29.Bd6 Bxd6 30.Rxb6 Qa5 31.Rxd6 Rab8
32.Rc1 Rb3 33.Bf1 a3 34.c5 Rc3 35.Nd2 Qxc5 36.Rxc3 dxc3 37.Nc4 c2 38.Ra6 Ng4
39.d4 Qxd4  0-1

[Event "5th XtraCon Open"]
[Site "Borup DEN"]
[Date "2010.09.03"]
[Round "1"]
[White "Sorensen,D"]
[Black "Pedersen,Sven2"]
[Result "0-1"]
[WhiteElo "1966"]
[BlackElo "2106"]

1.c4 c6 2.d4 d5 3.e3 Bf5 4.Nc3 e6 5.Nf3 Nf6 6.Qb3 Qc7 7.cxd5 cxd5 8.Bd2 Nc6
9.Rc1 Rc8 10.Qa4 Nd7 11.Nb5 Qb8 12.b4 a6 13.Na3 Nxb4 14.Rxc8+ Qxc8 15.Ne5 Nc6
16.f3 Be7 17.Kf2 Ncxe5 18.dxe5 O-O 19.g4 Bg6 20.h4 h5 21.Be2 Nxe5 22.Rc1 Qb8
23.g5 Nd3+ 24.Kg2 Nxc1 25.Bxc1 Qd6 26.Bb2 Qb4 27.Qxb4 Bxb4 28.Bd1 Rc8 29.Bb3 Bd2
30.Kf2 Bd3 31.f4 b5  0-1

[Event "7th Malaysia Open"]
[Site "Kuala Lumpur MAS"]
[Date "2010.09.03"]
[Round "4"]
[White "Jamals,H"]
[Black "Dutta,J"]
[Result "0-1"]
[WhiteElo "2162"]
[BlackElo "2355"]

1.c4 c6 2.g3 d5 3.Qc2 Nf6 4.Nf3 Bg4 5.Bg2 e6 6.O-O Nbd7 7.b3 Bd6 8.Ba3 Bxa3
9.Nxa3 Qe7 10.Nb1 O-O 11.d3 e5 12.h3 Bh5 13.g4 Bg6 14.Nh4 e4 15.Nc3 exd3
16.Nxg6 hxg6 17.Qxd3 Nc5 18.Qc2 dxc4 19.bxc4 Rfd8 20.Rad1 Nfd7 21.Rd4 Nb6
22.e3 Ne6 23.Rxd8+ Rxd8 24.Ne4 Nc5 25.Ng3 Qd6 26.Rc1 Qd3 27.Bf1 Qxc2 28.Rxc2 Rd1
29.Kg2 Kf8 30.h4 Nba4 31.Be2 Rb1 32.h5 Rb2 33.Rxb2 Nxb2 34.hxg6 fxg6 35.Kf3 Nba4
36.Kf4 Nc3 37.Ke5 Nxa2 38.Kd6 b6 39.Kxc6 Ke7 40.f4 Nb4+ 41.Kb5 Nc2 42.e4 Kd6
43.Bd1 Ne3 44.Bf3 Kc7 45.e5 a5  0-1

[Event "7th Malaysia Open"]
[Site "Kuala Lumpur MAS"]
[Date "2010.09.03"]
[Round "4"]
[White "Xiu,D"]
[Black "Deshmukh,A"]
[Result "1/2-1/2"]
[WhiteElo "2521"]
[BlackElo "2326"]

1.c4 c6 2.Nf3 d5 3.g3 dxc4 4.Bg2 f6 5.Qc2 Be6 6.Na3 b5 7.b3 cxb3 8.axb3 a6
9.O-O Ra7 10.d4 Bd7 11.b4 e6 12.Bd2 Bd6 13.e4 Qe7 14.Qb2 Qf7 15.Be3 Rb7 16.Ne1 Ne7
17.Nd3 Nc8 18.f4 Nb6 19.Kh1 O-O 20.Qc2 Kh8 21.g4 f5 22.Nc5 Rc7 23.Rae1 fxg4
24.Qd1 Qg6 25.Nd3 Na4 26.Ne5 Bxe5 27.dxe5 Rcc8 28.Qd6 c5 29.bxc5 Bc6 30.Qd3 Nd7
31.Qd6 Nb8 32.Qd3 Nd7  1/2-1/2

[Event "ch-ESP"]
[Site "El Sauzal ESP"]
[Date "2010.09.04"]
[Round "1"]
[White "Korneev,S"]
[Black "Rodriguez Fontecha,M"]
[Result "0-1"]
[WhiteElo "1787"]
[BlackElo "2237"]

1.c4 c6 2.g3 Nf6 3.Nf3 d5 4.b3 Bf5 5.Bg2 Nbd7 6.Bb2 e6 7.d3 Bd6 8.e4 dxe4
9.dxe4 Bb4+ 10.Nbd2 Nxe4 11.Bxg7 Rg8 12.Bd4 Bc3 13.O-O Bxa1 14.Nxe4 Bxe4
15.Qxa1 Qa5 16.Re1 Bxf3 17.Bxf3 O-O-O 18.a3 Kb8 19.b4 Qf5 20.Be4 Qh5 21.Kg2 f5
22.Be5+ Ka8 23.Bf3 Qh4 24.c5 Qc4 25.Rc1 Qb3 26.Rc3 Qa4 27.Bd1 Qa6 28.Bd6 Nf6
29.Re3 Nd5 30.Rxe6 Qc4 31.Qe5 Nf4+ 32.Qxf4 Qxe6 33.Bf3 Qb3 34.a4 Qxa4 35.Be7 Rde8
36.Bd6 Qb5 37.Qxf5 Re1 38.Kh3 Qxb4 39.Qd7 Qb3 40.Kg2 Qc4 41.Kh3 Qe6+ 42.Qxe6 Rxe6
43.Bd1 Rd8 44.f4 b6 45.Bf3 Kb7 46.g4 a5 47.f5 Rexd6 48.cxd6 a4 49.Bd1 a3
50.Bb3 Rxd6 51.Kh4 Rd2  0-1

[Event "ch-POR"]
[Site "Amadora POR"]
[Date "2010.09.05"]
[Round "2"]
[White "Andrade,Jo"]
[Black "Diogo,V"]
[Result "0-1"]
[WhiteElo "2251"]
[BlackElo "2271"]

1.c4 c6 2.d4 d5 3.Nf3 Nf6 4.cxd5 cxd5 5.Nc3 Nc6 6.Bf4 a6 7.h3 Bf5 8.a3 e6
9.e3 Bd6 10.Bxd6 Qxd6 11.Bd3 O-O 12.O-O Bg6 13.Bxg6 fxg6 14.Qd3 Rad8 15.Rad1 Rd7
16.Rd2 e5 17.dxe5 Nxe5 18.Nxe5 Qxe5 19.Rfd1 g5 20.Qd4 Qf5 21.Qa4 Rfd8 22.Rd4 h5
23.e4 dxe4 24.Rxd7 Rxd7 25.Rxd7 Qxd7 26.Qxd7 Nxd7 27.Nxe4 Ne5 28.b3 Nc6 29.Nc5 Nd8
30.Kf1 Kf7 31.Ke2 Kf6 32.Kd3 Ke5 33.a4 Kd5 34.Ne4 Ne6 35.g3 h4 36.b4 a5 37.Nc3+ Ke5
38.bxa5 g4 39.hxg4 h3 40.Ke3 h2 41.f4+ Nxf4  0-1

[Event "5th XtraCon Open"]
[Site "Borup DEN"]
[Date "2010.09.05"]
[Round "4"]
[White "Semcesen,D"]
[Black "Frisk,E"]
[Result "1-0"]
[WhiteElo "2416"]
[BlackElo "2113"]

1.c4 c6 2.e4 d5 3.exd5 cxd5 4.d4 Nf6 5.Nc3 g6 6.cxd5 Nxd5 7.Bc4 Nb6 8.Bb3 Bg7
9.d5 O-O 10.Be3 N8d7 11.Nf3 Nf6 12.O-O Re8 13.Bf4 Bg4 14.h3 e5 15.Be3 Bf5
16.d6 a6 17.Bxf7+ Kxf7 18.Qb3+ Kf8 19.Qxb6 Qxb6 20.Bxb6 Bd3 21.Rfd1 e4 22.Ne1 Nd7
23.Nxd3 exd3 24.Bc7 Nc5 25.Rac1 Bh6 26.f4 Bg7 27.b4 d2 28.Rxd2 Bxc3 29.Rxc3 Ne4
30.Rcd3 Nxd2 31.Rxd2 Rad8 32.Bxd8 Rxd8 33.d7 Ke7 34.Kf2 Rxd7 35.Rxd7+ Kxd7
36.Ke3 Ke6 37.Ke4 h5 38.g4 b6 39.a4 h4 40.f5+ gxf5+ 41.gxf5+ Kf6 42.Kf4  1-0

[Event "ch-ESP"]
[Site "El Sauzal ESP"]
[Date "2010.09.05"]
[Round "2"]
[White "Vassallo Barroche,M"]
[Black "Herrera Reyes,J"]
[Result "1-0"]
[WhiteElo "2422"]
[BlackElo "2145"]

1.c4 c6 2.e4 e6 3.d4 d5 4.e5 c5 5.Nf3 Nc6 6.Nc3 Nge7 7.dxc5 d4 8.Nb5 Nf5
9.g4 a6 10.gxf5 axb5 11.cxb5 Nb4 12.a3 d3 13.axb4 Rxa1 14.Bg2 exf5 15.O-O Be6
16.Nd2 Be7 17.Bxb7 O-O 18.b6 Bg5 19.Bg2 Qd7 20.c6 Qe7 21.c7 Bf4 22.Nb3 d2
23.Nxd2 Bxe5 24.Nb3 Ra6 25.Be3 Qxb4 26.Nc5 Qh4 27.f4 Rxb6 28.fxe5 Bc8 29.Nd7 Rxb2
30.Bf2 Qg5 31.h4  1-0

[Event "ch-ESP"]
[Site "El Sauzal ESP"]
[Date "2010.09.05"]
[Round "2"]
[White "Martin Hernandez,R"]
[Black "Monzon Aleman,A"]
[Result "1-0"]
[WhiteElo "2037"]
[BlackElo "1750"]

1.c4 c6 2.e4 d5 3.exd5 cxd5 4.d4 Nf6 5.Nc3 e6 6.Nf3 b6 7.Ne5 Be7 8.cxd5 Nxd5
9.Bb5+ Bd7 10.Qa4 Nf6 11.Bg5 h6 12.Bxf6 Bxf6 13.Rc1 Qc7 14.O-O a6 15.Bxd7+ Nxd7
16.Rfd1 Ra7 17.Nd5 Qb7 18.Nxd7 Qxd7 19.Nxb6 Qxa4 20.Nxa4 Ke7 21.d5 Rd8 22.dxe6 Rxd1+
23.Rxd1 Kxe6 24.Nc5+ Ke7 25.b4 Bc3 26.a3 Bf6 27.Kf1 Ke8 28.Ke2 Be7 29.Rd5 Bxc5
30.Rxc5 Kd7 31.Kd3 Ke6 32.Kc4 Kd6 33.Rc8 g6 34.Kb3 a5 35.b5 Ke5 36.Ka4 f5
37.b6 Rd7 38.Kxa5  1-0

[Event "7th Malaysia Open"]
[Site "Kuala Lumpur MAS"]
[Date "2010.09.05"]
[Round "7"]
[White "Vakhidov,J"]
[Black "Yeoh,L"]
[Result "1-0"]
[WhiteElo "2272"]
[BlackElo "2112"]

1.c4 c6 2.d4 d5 3.cxd5 cxd5 4.Nf3 Nc6 5.Nc3 Nf6 6.Bf4 a6 7.Rc1 Bf5 8.e3 Rc8
9.Be2 e6 10.O-O Bd6 11.Bxd6 Qxd6 12.Na4 Nd7 13.Qb3 Rc7 14.Nc5 Nxc5 15.Rxc5 O-O
16.Qb6 Rd7 17.Kh1 Nb8 18.Qb3 b6 19.Rc3 Rc7 20.Rfc1 Rfc8 21.a4 Bg4 22.Bd3 Bxf3
23.gxf3 g6 24.Kg2 f5 25.f4 Kf8 26.Rxc7 Rxc7 27.Rc3 Ke8 28.Rxc7 Qxc7 29.Bxa6 Kd8
30.Bb5 Qd6 31.Qc3 h6 32.a5 bxa5 33.Qxa5+ Kc8 34.Qa7 Qc7 35.Qc5 Kb7 36.Qxc7+ Kxc7
37.Kg3 Kd6 38.Be8 g5 39.fxg5 hxg5 40.f4 g4 41.Bb5 Ke7 42.Kh4 Kf6 43.Kh5 Kf7
44.Kh6 Kf6 45.Kh7 Kf7 46.b3  1-0

[Event "7th Malaysia Open"]
[Site "Kuala Lumpur MAS"]
[Date "2010.09.06"]
[Round "8"]
[White "Xu Jun"]
[Black "Yu Ruiyuan"]
[Result "1-0"]
[WhiteElo "2507"]
[BlackElo "2381"]

1.c4 c6 2.d4 d5 3.Nf3 Nf6 4.Qc2 dxc4 5.Qxc4 Bf5 6.g3 e6 7.Bg2 Nbd7 8.O-O Bd6
9.Nc3 O-O 10.Nh4 Bg4 11.h3 Bh5 12.e4 e5 13.Be3 Nb6 14.Qb3 Re8 15.a4 Qb8 16.Nf5 Bc7
17.a5 Nbd7 18.d5 Bg6 19.dxc6 bxc6 20.Qc4 Re6 21.b4 a6 22.Rfd1 Qb7 23.Rab1 Rc8
24.g4 Bxf5 25.exf5 Rd6 26.g5 Nh5 27.Ne4 Rd5 28.Nc5 Rxd1+ 29.Rxd1 Nxc5 30.Qxc5 e4
31.Bxe4 Bb8 32.Qxc6  1-0

[Event "FSGM September"]
[Site "Budapest HUN"]
[Date "2010.09.07"]
[Round "4"]
[White "Czebe,A"]
[Black "Poetsch,H"]
[Result "1-0"]
[WhiteElo "2479"]
[BlackElo "2395"]

1.c4 c6 2.d4 d5 3.Nf3 Nf6 4.Nc3 dxc4 5.a4 Bf5 6.Ne5 Nbd7 7.Nxc4 Nb6 8.Ne5 a5
9.f3 Nfd7 10.Nxd7 Nxd7 11.e4 Bg6 12.d5 e5 13.dxe6 fxe6 14.Bc4 Qh4+ 15.g3 Qf6
16.O-O O-O-O 17.Qe2 Bb4 18.Be3 Ne5 19.Na2 Rhf8 20.Nxb4 Nxf3+ 21.Rxf3 Qxf3
22.Na2 Qxe2 23.Bxe2 Bxe4 24.Nc3 Bf3 25.Re1 Bxe2 26.Rxe2 Rf5 27.Bf2 Rd6 28.Kg2 h5
29.h4 b5 30.Ne4 Rdd5 31.axb5 cxb5 32.Rc2+ Kb8 33.Nc5 Rd6 34.Ne4 Rdd5 35.Rc6 Rfe5
36.Nd6 Rxd6 37.Rxd6 Re2 38.Rb6+ Kc7 39.Rxb5  1-0